Experimentálne stanovenie hodnôt priepadového súčiniteľa hate

Gespeichert in:
Bibliographische Detailangaben
1. Verfasser: Shchukin, Georgii (Verfasst von)
Weitere Verfasser: Rumann, Ján (Betreuung Doktorarbeit)
Format: Manuskript Buch
Sprache:Slowakisch
Veröffentlicht: 2025
Schlagworte:
Online-Zugang:http://is.stuba.sk/zp/portal_zp.pl?podrobnosti=178828
CRZP
Tags: Tag hinzufügen
Keine Tags, Fügen Sie das erste Tag hinzu!

MARC

LEADER 00000ntm a22000003a 4500
001 stuzp104621
003 SK-STU
005 20250731152205.6
007 ta
008 150427s2015----xo-----f-mn---000-0-slo-d
040 |a STU  |b slo 
041 0 |a slo 
100 1 |a Shchukin, Georgii  |u 010170  |4 aut  |U SvF Stavebná fakulta  |T SvF Katedra hydrotechniky  |X 122758  |U V170  |Y 17  |7 122758 
242 0 1 |a Experimental determination of discharge coefficient of a weir  |y eng 
245 1 0 |a Experimentálne stanovenie hodnôt priepadového súčiniteľa hate 
260 |c 2025 
650 4 |a hať  |2 slo 
650 4 |a prepad  |2 slo 
650 4 |a Čunovo  |2 slo 
650 4 |a weir  |2 eng 
650 4 |a overflow  |2 eng 
650 4 |a Čunovo  |2 eng 
700 1 |a Rumann, Ján  |u 010170  |k Z1  |4 ths  |U SvF Stavebná fakulta  |T SvF Katedra hydrotechniky  |X 38286  |U V170  |Y 17  |7 A000038286 
856 4 |u http://is.stuba.sk/zp/portal_zp.pl?podrobnosti=178828 
856 4 |u https://opac.crzp.sk/?fn=detailBiblioForm&sid=C9A1C75A261DD259FA86431E26A3  |z CRZP